La principessa che voleva amare Narciso : come uscire insieme dai labirinti del cuore /

Una mattina d'estate, in un antico e bellissimo regno nasce la generosa principessa Febe, colei che dona luce. O almeno, questo è ciò che crede di dover fare, perché crescendo impara a dedicarsi solo agli altri e a renderli felici riempiendoli di affetto e calore. Quando incontra Flavio, il principe...

Descripció completa

Guardat en:
Dades bibliogràfiques
Autor principal: Gritti, Maria Chiara (Autor)
Format: Llibre
Idioma:italià
Publicat: Venezia : Sonzogno, 2021
Matèries:
Etiquetes: Afegir etiqueta
Sense etiquetes, Sigues el primer a etiquetar aquest registre!

MARC

LEADER 00000nam a22000007i 4500
001 IT\ICCU\RMB\0810123
003 ItRI
005 20260414180102.0
008 211201s2021 it |||||| ||||| |||||c
020 |a 9788845402227 
040 |b ita  |c Arcigay Viterbo 
041 7 |a ita  |2 ISO-639-2 
082 |a 158.2  |2 23 
100 1 |a Gritti, Maria Chiara  |0 IT\ICCU\CFIV\260142  |4 aut 
240 1 3 |a La principessa che voleva amare Narciso  |9 Gritti, Maria Chiara 
245 1 3 |a La principessa che voleva amare Narciso :  |b come uscire insieme dai labirinti del cuore /  |c Maria Chiara Gritti. 
260 |a Venezia :  |b Sonzogno,  |c 2021 
300 |a 175 p. ;  |c 21 cm 
520 |a Una mattina d'estate, in un antico e bellissimo regno nasce la generosa principessa Febe, colei che dona luce. O almeno, questo è ciò che crede di dover fare, perché crescendo impara a dedicarsi solo agli altri e a renderli felici riempiendoli di affetto e calore. Quando incontra Flavio, il principe Narciso, se ne innamora al primo sguardo e crede di aver finalmente trovato la persona giusta. Ma il ragazzo nasconde un segreto: educato per diventare un perfetto principe azzurro, non può rivelare a nessuno le proprie debolezze e deve sempre mostrarsi impeccabile. Più Febe si avvicina, più lui si sente minacciato; più Flavio si allontana, più lei fa di tutto per tentare di salvarlo. La complessità dei loro sentimenti li porta a perdersi in un labirinto emotivo senza uscita, che li tiene dolorosamente legati e distanti, finché Vera non insegnerà loro a guardarsi dentro per ritrovare la strada... Attraverso questa suggestiva favola metaforica, la psicoterapeuta Maria Chiara Gritti svela con sensibilità i meccanismi e le cause profonde della dipendenza affettiva e del narcisismo patologico, tracciando un percorso liberatorio verso la conoscenza di sé. Perché solo scoprendosi si può raggiungere la consapevolezza necessaria ad amare e farsi amare pienamente. 
650 7 |a Narcisismo 
650 7 |a Relazioni di coppia  |x Psicologia 
942 |2 ddc  |c BK  |n 0 
952 |0 0  |1 0  |2 ddc  |4 0  |6 158_200000000000000_GRI_PRI  |7 0  |9 33324  |a VT  |b VT  |d 2026-04-14  |e Dono di Luca Bonomi  |i B610  |l 0  |o 158.2 GRI PRI  |p B610  |r 2026-04-14 18:01:55  |w 2026-04-14  |y BK  |z Dono di Luca Bonomi 
981 1 |6 z01  |a i   |b xxxe  
982 1 |6 z01  |a n 
999 |c 28940  |d 28940